01627nam a2200313 u 450000100100000000500170001000800410002702000150006804000250008308200200010824500810012826000750020930000110028449000150029550000570031050000420036760000420040965000430045165100540049470000480054883000220059691000370061895201330065595201330078895201330092195201180105495201240117299900170129600002430020250621074007.0100806s2004 dr r 000 0 spa d a9993431168 aDO-SdBNPbspacBNPHU a972.9304bD356p00aEugenio Dechamps :bpolítico y periodista /cCompilador Julio Jaime Julia. aSanto Domingo :bBiblioteca Nacional Pedro Henríquez Ureña,c2004. a686 p.1 aPeriodismo aIncluye datos biográficos del autor en las solapas aIncluye notas al pie de las páginas14aDESCHAMPS, EUGENIO,y1844-1930949872 4aPeriodismozRepública Dominicana936 0aRepública DominicanaxPolítica y gobierno94512aJulia, Julio Jaimed1922-1993ecomp.920185 4aPeriodismo949873 aValidado. Control de calidad MFF 001054708DSaGRbGRcHDd2011-01-26iLF1l0o972.9304 D356pp24300-30r2020-06-25te. 3w2020-06-25yLFDSZPréstamo en sala 001054708DSaGRbGRcHDd2013-04-25iLF1l0o972.9304 D356pp24300-40r2020-06-25te. 4w2020-06-25yLFDSZPréstamo en sala 001054708DSaGRbGRcHDd2013-04-25iLF1l0o972.9304 D356pp24300-50r2020-06-25te. 5w2020-06-25yLFDSZPréstamo en sala 0010718PDaPDbPDcHDd2011-01-26iLF1l0o972.9304 D356pp24300-10r2020-06-25w2020-06-25yLFPDZNo se presta 0010718PDaPDbPDcHDd2011-01-26iLF1l0o972.9304 D356pp24300-20r2020-06-25te. 2w2020-06-25yLFPDZNo se presta c23793d23793